000
00170nam a22000977a 4500
020
_a
034022164X
082
_a
080
_b
TAY/R
245
_a
RAILWAYS
650
_a
GK
942
_c
BK
999
_c
6367
_d
6367